000 00611cam a22002053a 4500
001 39298
003 PGUSA
005 20140828083855.0
008 120330s2012||||xxu|||||s|||||000 | eng d
040 _aPGUSA
_beng
042 _adc
100 1 _aMcCarthy, Justin,
_d1830-1912
245 1 0 _aModern Leaders :
_bBeing a Series of Biographical Sketches
_h[electronic resource] /
_cJustin McCarthy
260 _bProject Gutenberg,
_c2012
506 _aPublic domain in the USA.
516 _aElectronic text
830 0 _aProject Gutenberg
_v39298
856 4 0 _uhttp://www.gutenberg.org/ebooks/39298
942 _cEB
999 _c268551
_d268551